Normal view
MARC view
- Khattak, Muhammad Aslam Khan
Entry Personal Name
001 - CONTROL NUMBER
- control field: 46780
003 - CONTROL NUMBER IDENTIFIER
- control field: NUST
005 - DATE AND TIME OF LATEST TRANSACTION
- control field: 20210314133617.0
008 - FIXED-LENGTH DATA ELEMENTS
- fixed length control field: 210314|| aca||aabn | a|a d
040 ## - CATALOGING SOURCE
- Original cataloging agency: NUST
- Transcribing agency: NUST
100 ## - HEADING--PERSONAL NAME
- Personal name: Khattak, Muhammad Aslam Khan
670 ## - SOURCE DATA FOUND
- Source citation: Work cat.: (NUST): Khattak, Muhammad Aslam Khan,, A Pathan odyssey /, 2004.
